000 00593nam a2200181Ia 4500
008 090630s9999 xx 000 0 und d
082 _b22162
100 _aबेलसरे के. वि.
245 _aअंंतर्यात्रा.
_cबेलसरे के. वि.
260 _bत्रदिल.
_c1986
300 _a135
600 _aबेलसरे के. वि.
630 _aअंंतर्यात्रा.
655 _aइतर.
700 _aबेलसरे के. वि.
730 _aअंंतर्यात्रा.
942 _cBOOK
999 _c274018
_d274018